=LDR 00000nam 2200000 4500 =001 000699 =005 20250711025241 =035 ##$$a 0010-0725000567 =007 ta =008 250711################a##########0#ind## =020 ##$$a 978-623-307-335-6 =082 ##$$a 398.209 598 =084 ##$$a 398.209 598 KAN l =100 #$$a Kanani vedant =245 1#$$a Lusi : $b Ingin buku baru /$c Vedant kanani =250 ##$$a Cetakan pertama =260 ##$$a Rawamangun :$b Badan pengembangan dan pusat bahasa,$c 2022 =300 ##$$a 24 hlm. : $b Ilus. ; $c 21 cm. =650 #4$$a Cerita anak indonesia-terjemahan =650 #4$$a Literasi-bahan bacaan =990 ##$$a TBM04730473